Ciencias Naturales 3º Básico: texto del estudiante

Spremljeno u:
Bibliografski detalji
Glavni autori: Calderón Valdés, Patricia (Autor), Gutiérrez Fabres, Susana Elizabeth (Autor)
Format: Knjiga
Jezik:španjolski
Izdano: Santiago Ediciones SM 2018
Izdanje:1a. ed
Teme:
Oznake: Dodaj oznaku
Bez oznaka, Budi prvi tko označuje ovaj zapis!

MARC

LEADER 00000cam a2200000 a 4500
001 UCC4964
003 CL-VaPUC
008 180907e20180000cl |||||||||||||||||spa|d
020 |a 9789563632880 
082 0 4 |a 372.35  |b CAL  |2 21 
100 0 |a Calderón Valdés, Patricia  |e author  |9 599242 
700 |a Gutiérrez Fabres, Susana Elizabeth  |e author  |9 593621 
245 1 0 |a Ciencias Naturales 3º Básico: texto del estudiante 
250 |a 1a. ed 
300 |a 256 p 
942 |c BK 
945 |d 20180907 13:03:00  |a dcastane 
260 |a Santiago  |b Ediciones SM  |c 2018 
650 7 |a ENSEÑANZA DE LAS CIENCIAS NATURALES  |2 CL-VaPUC  |9 599244 
650 0 |a Ciencias naturales  |9 260542 
650 0 |a Educación básica   |9 224933 
650 0 |a Métodos de enseñanza  |9 270413 
583 |a last modification  |c 20180907 13:03:00  |k Rodrigo Vera 
999 |c 372345  |d 372343 
952 |0 0  |1 0  |3 erb  |4 0  |6 372_350000000000000_CAL_2018  |7 0  |8 A  |9 489933  |a BIBEDU  |b BIBEDU  |i 549950K  |o 372.35 CAL 2018  |p 549950K  |r 2019-11-24  |w 2019-11-24  |y BK  |z Catalogado en:20180907  |k EPE 
952 |0 0  |1 0  |3 erb  |4 0  |6 372_350000000000000_CAL_2018  |7 0  |8 A  |9 489934  |a BIBEDU  |b BIBEDU  |i 5499518  |o 372.35 CAL 2018  |p 5499518  |r 2019-11-24  |w 2019-11-24  |y BK  |z Catalogado en:20180907  |k EPE